| 000 | 01111nam a2200289Ii 4500 | ||
|---|---|---|---|
| 003 | JO-AjNU | ||
| 005 | 20250723113053.0 | ||
| 008 | 230605s9999||||xx |||||||||||||| ||und|| | ||
| 017 | _a1985/7/285 | ||
| 040 |
_aJO-AjNU _bara _erda _cJO-AjNU |
||
| 041 | _aara | ||
| 050 | 1 | 4 | _aHD37.A7.M33.1992 |
| 100 | 1 |
_aالدهان، اميمة _eمؤلف _966619 |
|
| 245 | 0 | 0 |
_aالمفاهيم الادارية الحديثة / _cتأليف اميمة الدهان، فؤاد الشيخ سالم، زياد رمضان، محسن مخامرة |
| 250 | _aالطبعة الثالثة عشر مزيدة ومنقحة | ||
| 264 | 3 | 1 | _aعمان : مركز الكتب الاردني، 2018 |
| 300 | _a288 صفحة | ||
| 336 |
_atext _btxt _2rdacontent |
||
| 337 |
_aunmediated _bn _2rdamedia |
||
| 338 |
_avolume _bnc _2rdacarrier |
||
| 504 | _aيحتوي على صور وملاحق | ||
| 650 | 4 |
_aادارة الاعمال _913545 |
|
| 700 | 1 |
_aسالم، فؤاد الشيخ _eمؤلف _966620 |
|
| 700 | 1 |
_aرمضان، زياد _eمؤلف _966621 |
|
| 700 | 1 |
_aمخامرة، محسن _eمؤلف _966622 |
|
| 942 |
_2lcc _cBK |
||
| 999 |
_c6968 _d6968 |
||